[Event "Capablanca Memorial-19 Group B"]
[Site "Cienfuegos"]
[Date "1984.06.05"]
[Round "12"]
[White "Nogueiras Santiago, Jesus"]
[Black "Estevez Morales, Guillermo"]
[Result "1-0"]
[WhiteElo "2470"]
[BlackElo "2430"]
[Annotator "Knaak,R"]
[PlyCount "49"]
[EventDate "1984.05.22"]
[EventType "tourn"]
[EventRounds "13"]
[EventCountry "CUB"]
[EventCategory "8"]
[SourceTitle "EXT 2000"]
[Source "ChessBase"]
[SourceDate "1999.11.16"]
[SourceVersion "1"]
[SourceVersionDate "1999.11.16"]
[SourceQuality "1"]

{SCHACH 8/1984 Seite 357} 1. c4 c5 2. Nf3 b6 3. Nc3 Bb7 4. e3 Nf6 5. d4 cxd4 6.
exd4 e6 7. Bd3 d5 8. O-O dxc4 9. Bxc4 Be7 10. Bg5 O-O 11. Qe2 Nc6 12. Rad1 Nb4
13. Rfe1 Rc8 $2 ({Nach} 13... Nfd5 {hätte Schwarz gutes Spiel gehabt.}) 14. d5
$1 Rxc4 $5 {Ein Schlagen auf d5 kam natürlich nicht in Frage, denn sobald der
Sf6 auf d5 schlägt, folgt Lxe7, und Weiß behält eine Figur mehr.} ({Nicht ganz
klar war jedoch} 14... Qc7 {z.B.} 15. b3 ({oder} 15. dxe6 Qxc4 16. exf7+ Rxf7
17. Qxc4 Rxc4 18. Ne5 Rc7 $1 19. Nxf7 Kxf7 20. Bxf6 Kxf6) ({Nach} 15. Rd4 $1 {
sollte aber Weiß in Vorteil kommen.}) 15... exd5 (15... Bxd5 $1 16. Nxd5 exd5 {
mit schwarzem Vorteil}) 16. Nb5 $1 (16. Qxe7 Qxe7 17. Rxe7 dxc4 18. Rxb7 cxb3
$15)) 15. Qxc4 Nbxd5 16. Ne5 Qa8 17. Rd3 $1 Re8 18. Nxd5 Bxd5 (18... Nxd5 {
gefällt mir besser.}) 19. Qh4 Qb7 20. Rh3 Kf8 $6 {[#]} ({Bessere praktische
Chancen bot} 20... Rc8) 21. Bh6 $1 Bd8 {Um f7 zu decken.} 22. Bxg7+ Kxg7 23.
Qh6+ Kh8 24. Ng4 $1 Rg8 25. Nxf6 (25. Nxf6 {Schwarz ließ sich} Rxg2+ 26. Kf1
Bc4+ 27. Re2 Bxe2+ 28. Kxe2 Qa6+ 29. Ke3 {nicht mehr zeigen und gab auf.}) 1-0

[Event "Amantea op"]
[Site "Amantea"]
[Date "1994.??.??"]
[Round "?"]
[White "Komarov, Dimitri"]
[Black "Contin, Daniel"]
[Result "1-0"]
[WhiteElo "2565"]
[BlackElo "2425"]
[Annotator "Komarov,D"]
[PlyCount "73"]
[EventDate "1994.09.??"]
[EventType "swiss"]
[EventRounds "7"]
[EventCountry "ITA"]
[SourceTitle "EXT 2000"]
[Source "ChessBase"]
[SourceDate "1999.11.16"]
[SourceVersion "1"]
[SourceVersionDate "1999.11.16"]
[SourceQuality "1"]

1. d4 Nf6 2. c4 e6 3. Nf3 b6 4. a3 Bb7 5. Nc3 d5 6. cxd5 Nxd5 7. Bd2 Be7 8. Qc2
O-O 9. e4 Nxc3 10. Bxc3 c5 11. dxc5 (11. O-O-O cxd4 12. Nxd4 Qc8 $10) 11...
bxc5 12. Rd1 Qb6 $5 13. Ne5 Qc7 $5 14. Bd3 (14. Nc4 Nc6 $132) 14... Bf6 15. Nf3
(15. Nc4 Bxc3+ 16. Qxc3 Nc6 17. O-O $10) 15... Bxc3+ 16. Qxc3 Nd7 17. O-O Bc6
$6 (17... Nf6 $1 18. Rfe1 (18. Nd2 Ng4 19. Nf3 Nf6) 18... Rfd8 $10) 18. Rc1 $16
a5 19. b4 axb4 20. axb4 Rfb8 21. bxc5 Ra5 22. Qd4 Rc8 $2 (22... e5 23. Qe3 (23.
Qd6 Rc8 $10) 23... Ba8 24. c6 Bxc6 25. Rc3 Qd6 26. Rfc1 $14) 23. Rc3 e5 24. Qe3
Ba8 25. c6 $1 Nf6 (25... Nb8 26. Bc4 $18 Nxc6 27. Rfc1 $36) 26. Rfc1 $18 h6 27.
h3 Kf8 28. Rc5 $1 Rxc5 29. Qxc5+ Qe7 30. Nxe5 Qxc5 31. Rxc5 Ke7 32. Rc1 g5 33.
Bb5 Rc7 34. Ra1 $1 Kd6 35. Nd3 Bxc6 36. e5+ Kd5 37. Bxc6+ 1-0

[Event "Cordoba op"]
[Site "Cordoba"]
[Date "1994.??.??"]
[Round "?"]
[White "Matamoros Franco, Carlos S"]
[Black "Komarov, Dimitri"]
[Result "0-1"]
[WhiteElo "2415"]
[BlackElo "2565"]
[Annotator "Komarov,D"]
[PlyCount "55"]
[EventDate "1994.07.??"]
[EventType "swiss"]
[EventRounds "9"]
[EventCountry "ESP"]
[SourceTitle "CBM 044"]
[Source "ChessBase"]
[SourceDate "1995.02.01"]
[SourceVersion "1"]
[SourceVersionDate "1995.02.01"]
[SourceQuality "1"]

1. d4 Nf6 2. c4 e6 3. Nf3 b6 4. a3 Bb7 5. Nc3 d5 6. cxd5 Nxd5 7. Bd2 Nd7 8. Qc2
N5f6 9. e4 (9. Bf4 $5) 9... c5 10. d5 {/\N/} (10. Bf4 $6 cxd4 $1 (10... a6 $2
11. d5) 11. Nb5 Bxe4 12. Nc7+ Ke7 $17) (10. Rd1 $5) 10... exd5 11. e5 (11. exd5
Bd6 (11... Nxd5 12. Nxd5 Bxd5 13. O-O-O $44)) 11... Ne4 12. Nxe4 dxe4 13. Ng5
Be7 $1 (13... Nxe5 14. Bb5+ Bc6 15. Bxc6+ Nxc6 16. O-O-O $44) 14. e6 Bxg5 15.
exd7+ Kxd7 16. Rd1 Kc8 (16... Kc7 17. Bb5 $1 (17. Bf4+ Bxf4 18. Rxd8 Raxd8 $17)
17... a6 18. Ba4 Qe7 19. Bxg5 Qxg5 20. Rd7+ Kb8 21. O-O $44) 17. Bc3 (17. g3 f5
(17... Qe7 18. Bh3+ Kb8 19. Bxg5 Qxg5 20. O-O $13) 18. Bh3 Bxd2+ 19. Rxd2 Qf6
20. O-O Kc7 $1 21. b4 Rac8 $1 $15) 17... Qe7 18. Be2 Rd8 $6 (18... Kc7 19. Bxg7
Rhg8 $17) 19. Rxd8+ Kxd8 20. O-O Kc7 21. b4 $1 Bc6 $8 22. Qb3 Rd8 $5 23. bxc5
Qxc5 24. Qxf7+ Rd7 25. Qb3 a5 $1 {/\Kb7-a7-/+/} 26. Qb2 Kb7 27. Rb1 (27. Bxg7
Rd2) 27... Bh4 28. g3 (28. g3 Bg5 29. Bg4 Rd3 30. Bxa5 $5 Qxa5 31. Qxg7+ Kb8
$19 32. Qg8+ Bd8 33. Qf7 Qc5 (33... Qc5 34. Qe6 Bb7 $19)) 0-1

[Event "Linares 11th"]
[Site "Linares"]
[Date "1993.??.??"]
[Round "9"]
[White "Bareev, Evgeny"]
[Black "Salov, Valery"]
[Result "0-1"]
[WhiteElo "2670"]
[BlackElo "2660"]
[Annotator "Kortschnoj,V"]
[PlyCount "120"]
[EventDate "1993.02.??"]
[EventType "tourn"]
[EventRounds "13"]
[EventCountry "ESP"]
[EventCategory "18"]
[SourceTitle "CBM 034"]
[Source "ChessBase"]
[SourceDate "1993.06.01"]
[SourceVersion "1"]
[SourceVersionDate "1993.06.01"]
[SourceQuality "1"]

1. d4 Nf6 2. c4 e6 3. Nf3 b6 4. Nc3 Bb7 5. a3 d5 6. Qc2 Be7 7. cxd5 Nxd5 8. Bd2
Nd7 9. e4 Nxc3 10. Bxc3 O-O 11. Rd1 c5 $1 (11... Qc8 $5) 12. Bb5 (12. Be2 Nf6
$10) 12... Qc8 13. d5 exd5 14. exd5 Ba6 15. a4 (15. Bc6 $2 Re8 $1) 15... Bxb5
16. axb5 a6 17. O-O axb5 18. Qe2 b4 19. Bxg7 $6 (19. Qxe7 $10) (19. Bxb4 $10)
19... Re8 20. Bh6 Bg5 $1 $17 21. Qxe8+ Qxe8 22. Bxg5 f6 23. Bf4 Qf7 24. Rfe1
Re8 25. d6 c4 26. Nd4 c3 27. bxc3 bxc3 28. Nf5 Rxe1+ 29. Rxe1 Qh5 30. Nh6+ Kf8
31. h3 c2 32. Ng4 Ne5 33. Bxe5 fxe5 34. Rc1 Qf5 35. Ne3 Qd3 36. Rxc2 Qxd6 37.
Rc8+ Kf7 38. Rh8 Qg6 39. Rb8 Qb1+ 40. Kh2 b5 41. Nc4 Qb4 42. Nxe5+ Ke6 43. Re8+
Kd5 44. Nf3 Qd6+ 45. g3 b4 46. Nd2 Kc6 47. Nb3 Qd1 48. Re3 h5 49. Kg2 Qd5+ 50.
Kg1 Kb5 51. h4 Ka4 52. Kh2 Qb5 (52... Qxb3 53. Rxb3 Kxb3 54. g4 $1) 53. Kg1 Qc6
54. Kh2 Qd5 55. Rd3 Qf5 56. Kg1 Qg4 57. Nc5+ Kb5 58. Nb3 Qg8 59. Rf3 Qd5 60.
Rf5 $4 Qxf5 (60... Qxf5 61. Nd4+ Kc5 62. Nxf5 b3 $19) 0-1

[Event "Horgen"]
[Site "Horgen"]
[Date "1995.10.25"]
[Round "5"]
[White "Lautier, Joel"]
[Black "Kortschnoj, Viktor Lvovich"]
[Result "0-1"]
[WhiteElo "2645"]
[BlackElo "2635"]
[Annotator "Kortschnoj,V"]
[PlyCount "106"]
[EventDate "1995.10.??"]
[EventType "tourn"]
[EventRounds "11"]
[EventCountry "SUI"]
[EventCategory "17"]
[SourceTitle "CBM 050"]
[Source "ChessBase"]
[SourceDate "1996.02.01"]
[SourceVersion "1"]
[SourceVersionDate "1996.02.01"]
[SourceQuality "1"]

1. d4 {Dautov} Nf6 2. c4 e6 3. Nf3 b6 4. a3 Bb7 5. Nc3 g6 6. Bg5 (6. d5) (6.
Qc2) 6... Bg7 7. Qc2 (7. e3) 7... h6 (7... O-O {Dautov} 8. e4 h6 9. Bh4 g5 10.
Bg3 Nh5 11. O-O-O d6 12. Be2 f5 13. exf5 exf5 14. d5 $1 Bxc3 15. bxc3 Ng7 (
15... f4 $2 16. h4 g4 17. Ng5 $1 $40) 16. h4 g4 17. Nd4 $40 {Gurevich,
M-Chuchelov,V/Belgique 1993}) 8. Bh4 d6 9. e4 $5 {Dautov: Weiß versucht,
genauso wie in der Partie Gurevich-Chuchelov zu spielen. Hier ist aber dieser
agressive Plan nur ein Schlag ins Wasser, da Schwarz lang rochieren kann.} (9.
e3) (9. Rd1 $1 {Dautov} Nbd7 (9... O-O 10. d5 Qe7 11. e3 c6 $6 12. dxe6 Qxe6
13. Be2 Nbd7 14. O-O $14 {Gelfand-Chandler/Moscow GMA-qual f/1990}) 10. d5 e5
11. e3 O-O 12. Be2 Qe7 13. Nd2 $14 {Kramnik-Balashov/Dortmund op-A/1992}) 9...
g5 10. Bg3 Nh5 11. d5 $6 (11. O-O-O $5 $13) (11. O-O-O {Dautov} Nxg3 12. hxg3
g4 13. Nh2 (13. Nh4 Nc6 $15 {><d4}) 13... Qg5+ 14. Qd2 Nc6 15. Qxg5 hxg5 $15)
11... Nd7 12. Be2 g4 $1 (12... Nxg3 $5 {Dautov} 13. hxg3 g4 $15) 13. Nd2 (13.
Bh4 Bf6 (13... Qc8 14. Nd2 Nf4 15. Bg3 Nxe2 16. Nxe2 Ne5 $13) 14. Bxf6 Qxf6 15.
Nd2 Nf4 $15 (15... Nf4 {Dautov} 16. O-O Ne5 $13)) (13. Nh4 $5) 13... Nxg3 14.
hxg3 h5 15. O-O-O Qf6 {[%cal Rf6b2] Die schwarzen Felder im weißen Lager sind
hoffnungslos schwach.} 16. Rdf1 (16. Nb5 Qxf2 17. Nxc7+ Kd8 18. Nxa8 Qxe2 $17)
(16. Nb5 Qxf2 (16... O-O-O $1 {Dautov} 17. Nxa7+ Kb8 18. Nc6+ Bxc6 19. dxc6
Qxf2 $15) 17. dxe6 $5 fxe6 18. Nxc7+ Ke7 19. Nxa8 Qxe2 20. Nc7 a6 $15) 16...
O-O-O $15 17. Kb1 Kb8 18. Nb3 (18. f4 {Dautov} gxf3 $5 19. gxf3 h4 20. gxh4
Rxh4 21. Rxh4 Qxh4 $15) 18... Qg6 19. Nb5 a6 20. N5d4 Nc5 21. Nxc5 dxc5 22. Nb3
(22. Nc6+ Bxc6 23. dxc6 Rd4 24. f3 Rhd8 $17) 22... exd5 23. cxd5 (23. exd5 {
Dautov} Qxc2+ 24. Kxc2 c6 25. dxc6 Bxc6 26. f3 Ba4 27. fxg4 Rhe8 28. Bd1 Re3
$19) 23... c6 (23... f5 $5 24. exf5 Qf6) 24. d6 $5 (24. dxc6 Bxc6 25. f3 a5 $17
{/\b5,c4} (25... Ba4 $1 {Dautov /\b5,c4} 26. Ka2 (26. Bxa6 b5 $19) 26... b5 $1
27. Qxc5 Bxb3+ 28. Kxb3 Rd2 $19)) 24... Qxd6 (24... Rxd6 $5 {Dautov} 25. f4
gxf3 (25... c4 26. Bxc4 c5 27. Re1 Rd7 $15) (25... Rhd8 $6 26. e5 $44) 26. gxf3
Re8 $17 (26... Qxg3 $2 27. Rhg1 Qe5 28. f4 $16)) 25. f4 Bd4 {/\f6} (25... gxf3
26. gxf3 Qxg3 $2 27. Rfg1 Qe5 28. f4 Qf6 29. e5 Qh6 30. Rxh5 $18) 26. e5 Qe7
27. Qf5 (27. Rd1 f6 $17) 27... Bc8 28. Qe4 Qe6 29. Qc2 f6 (29... Be3 $5 {
Dautov /\Qf5} 30. Bd3 f6 31. Re1 Bf2 32. f5 Qd7 33. Rd1 Bxg3 $17) 30. Bc4 Qe7
31. Re1 fxe5 $2 (31... b5 $1 32. Bd3 c4 33. Nxd4 Rxd4 34. Bg6 Rhd8 $17) 32.
Nxd4 Rxd4 33. Rxe5 Qd6 34. Rhe1 Rd2 35. Qb3 b5 36. Be6 Rd3 37. Qc2 c4 38. Qf2
$6 (38. Bxc8 Rxc8 (38... Rd2 {Dautov} 39. Qe4 c3 40. Re2 Rd1+ 41. Ka2 cxb2 42.
Rxb2 Rxc8 $17) 39. Qf2 c5 40. Re6 $15) 38... Bb7 39. Bf5 Rd1+ 40. Ka2 Rd8 41.
Rxd1 Qxd1 42. Bc2 Qd6 (42... Qd2 {Dautov} 43. Qb6 Qd4 (43... Ka8 44. Rxh5 Rb8
45. Be4 c3 46. Rxb5 $3 $16) 44. Qxd4 Rxd4 $15) 43. Rxh5 a5 $1 44. Qc5 (44. Qb6
b4 45. axb4 {/\} (45. Bb1 $13 {Dautov /\} b3+ 46. Ka1 Qd1 47. Rh1 $1 $16) 45...
axb4 46. Rh7 b3+ 47. Bxb3 cxb3+ 48. Qxb3 Rd7 49. Rh8+ Kc7 $19) 44... Qxc5 45.
Rxc5 Kc7 (45... Rd5 $5) (45... Rd5 {Dautov} 46. Rxd5 cxd5 47. f5 Kc7 48. f6 (
48. Bd1 Kd6 49. Bxg4 Ke5 50. Bh3 d4 51. g4 Be4 $19) 48... Kd8 49. Bf5 Ke8 50.
Bxg4 Kf7 $17) 46. Kb1 $2 (46. Rg5 b4 (46... Rd2 {Dautov} 47. Kb1 b4 48. axb4
axb4 49. Kc1 Rxg2 50. Rxg4 $10) 47. axb4 axb4 48. Be4 Rd2 49. Kb1 Re2 $15)
46... Rd5 $1 $19 47. Rxd5 cxd5 48. f5 (48. Bf5 Bc8 $19) 48... Kd6 49. Bd1 d4
50. Bxg4 Be4+ 51. Kc1 Ke5 52. Bh5 Bxf5 53. Bf7 Be6 (53... Be6 {Dautov} 54. Bg6
b4 55. axb4 axb4 $19) 0-1

[Event "Tata Steel-A 75th"]
[Site "Wijk aan Zee"]
[Date "2013.01.23"]
[Round "10"]
[White "Anand, Viswanathan"]
[Black "Karjakin, Sergey"]
[Result "1/2-1/2"]
[WhiteElo "2772"]
[BlackElo "2780"]
[Annotator "Krasenkow,M"]
[PlyCount "91"]
[EventDate "2013.01.12"]
[EventType "tourn"]
[EventRounds "13"]
[EventCountry "NED"]
[EventCategory "20"]
[SourceTitle "CBM 153"]
[Source "ChessBase"]
[SourceDate "2013.03.14"]
[SourceVersion "1"]
[SourceVersionDate "2013.03.14"]
[SourceQuality "1"]

1. d4 Nf6 2. c4 e6 3. Nf3 b6 4. a3 Bb7 5. Nc3 d5 6. Bg5 Be7 7. Qa4+ Qd7 8. Qc2
dxc4 9. e3 {This line (and the whole 6.Bg5 system in the Petrosian QI),
topical about a decade ago, was finally considered harmless. Now we have some
new practical examples at the GM level but they hardly change that verdict.}
Nd5 {A new twist.} (9... O-O 10. Bxc4 c5 (10... Qc8 11. d5 $5) 11. dxc5 $1 (11.
O-O-O $6 cxd4 12. Nxd4 $6 Qc8 13. Ba2 Rd8 14. f3 Nc6 $15 {0-1 (32) Bagirov,R 
(2516)-Graf,A (2623) Batumi 2002 CBM 090 [Ftacnik,L]}) 11... Qc7 $1 {[%cal
Yc7c5]} (11... Bxc5 $6 12. Bd3 h6 13. Bxf6 gxf6 {1/2 (20) Gelfand,B (2695)
-Karpov,A (2745) Dortmund 1997 CBM 060 [Gelfand,B]} 14. Rd1 $1 Qc8 15. Qa4 $16
{B.Gelfand}) 12. Be2 Qxc5 13. Rc1 Nbd7 14. b4 Qf5 15. Qxf5 exf5 16. O-O $14 {
1-0 (51) Szabo,V (2380)-Manheimer,G (800) Lechenicher SchachServer 2009}) (9...
Bxf3 $5 {leads to a complicated, roughly equal positional fight:} 10. gxf3 b5 (
10... Nd5 11. Bxe7 Qxe7 12. Bxc4 Nxc3 13. Qxc3 O-O {1/2 (32) Cebalo,M (2512)
-Van der Wiel,J (2503) Hoogeveen 2005} 14. Bd3 $14) 11. Bxf6 (11. Rg1 c6 12. a4
a6 13. f4 g6 14. axb5 cxb5 15. Bg2 Ra7 16. d5 $5 exd5 (16... Nxd5 17. O-O-O $1
$44) 17. O-O-O Qf5 18. Qxf5 gxf5 19. Bxf6 Bxf6 20. Nxd5 Bh4 $13 {1/2 (42)
Sokolov,I (2647)-Leko,P (2707) Prague 2002 CBM 089 [Ftacnik,L]}) (11. f4 c6 12.
Bxf6 Bxf6 13. Bg2 a6 14. O-O-O (14. h4 h5 15. Ke2 Ra7 16. Bf3 g6 17. Ne4 Be7
18. Qc3 Rf8 $13 {1/2 (27) Werle,J (2563)-Swinkels,R (2511) Netherlands 2010})
14... Be7 $5 $15 {[%cal Yf7f5]} (14... Qc7 $143 15. f5 exf5 16. Qxf5 $36 {
1/2 (49) Akobian,V (2610)-Roussel Roozmon,T (2486) Montreal 2008})) 11... Bxf6
12. a4 (12. Qe4 O-O $1 13. Qxa8 Nc6 $17) 12... c6 13. axb5 (13. f4 a6 14. Bg2
Ra7 15. O-O O-O 16. Rfd1 g6 17. b3 cxb3 18. Qxb3 Rd8 19. Ne4 Be7 20. Rdc1 Rb7
$13 {1/2 (47) Almeida Quintana,O (2452)-Gongora Reyes,M (2454) Havana 2005})
13... cxb5 14. Qe4 O-O 15. f4 Rc8 (15... Nc6 16. Nxb5 e5 $1 17. fxe5 Nxe5 18.
Nc3 {1/2 (21) Gelfand,B (2695)-Lautier,J (2660) Biel 1997 CBM 060 [Gelfand,B]}
Nd3+ 19. Bxd3 cxd3 20. Nd5 Bh4 $1 21. Nb6 Bxf2+ $3 22. Kxf2 Qe6 $1 23. Qxe6
fxe6+ 24. Ke1 axb6 $11) 16. Bh3 $1 (16. Bg2 Nc6 17. O-O Rab8 18. Bh3 b4 19. Na4
{1/2 (23) Bacrot,E-Gershon,A/Bermuda 1999/ (23)} Na5 20. Nc5 Qb5 $15) 16... Nc6
17. d5 Nd8 18. Rd1 $44) 10. Ne5 Qd8 11. Bxe7 Qxe7 12. Bxc4 Nxc3 13. Qxc3 O-O
14. O-O Nd7 15. Nxd7 Qxd7 {The position has been considerably simplified. It
is hardly possible for White to take advantage of Black's backward c7-pawn
although Black should be careful.} 16. Rfd1 Rfd8 (16... Rfc8 {looks more
logical but the problem is that White can prepare d4-d5 in reply to ...c7-c5:}
17. f3 Qd6 18. e4 c5 19. d5 exd5 (19... e5 $5 {still may be enough for a draw})
20. Bxd5 Qe7 21. Bxb7 Qxb7 22. Rd5 Rd8 23. Rad1 $14 {[%cal Gd1d8] 1-0 (57)
Zhigalko,A (2582)-Rodshtein,M (2642) Istanbul TUR 2012}) 17. Be2 a5 18. f3 Qe7
19. Rac1 Rac8 20. Qb3 {White prevents ...c7-c5 but Black's position is very
solid, and he decides to wait.} Rd6 21. Rc3 Rc6 22. Bc4 h6 23. Rdc1 Rd8 24. Qc2
Kh8 25. Qf2 Kg8 26. Qg3 Kf8 27. h3 Qd6 28. Qh4 Qe7 29. Qg3 Qd6 30. Qf2 Kg8 31.
Qh4 Kf8 $6 {A sudden inaccuracy. Black gives White a chance to make progress.
It was necessary to remove the rook from d8, say,} (31... Ra8) 32. b4 $1 axb4
33. axb4 Qd7 (33... b5 $5 34. Bxb5 Rxc3 35. Rxc3 Ra8 36. Bf1 Ra1 $132) 34. b5
Rd6 35. Bf1 Rc8 36. Qf2 Qe7 37. Qa2 {[%mdl 32] The queen invasion along the
a-file is absolutely harmless; it is rook that should go there.} (37. Qc2 $142
Rd7 38. Ra1 (38. Qh7 $5)) 37... Rd7 38. Qa7 Ba8 39. Qa6 Rdd8 40. Kh1 g6 41. Qa7
Rd7 42. Qa1 Kg8 43. Ra3 {Finally! But the position has changed in Black's
favour so he now easily holds his ground.} Bb7 44. Ra7 c6 $1 45. Rc3 (45. bxc6
Bxc6 46. Qa6 Rb8 47. Rxd7 Qxd7 $11) 45... Qd8 46. bxc6 1/2-1/2

[Event "EU-ch 16th"]
[Site "Jerusalem"]
[Date "2015.02.25"]
[Round "2"]
[White "Esen, Baris"]
[Black "Korobov, Anton"]
[Result "0-1"]
[WhiteElo "2571"]
[BlackElo "2687"]
[Annotator "Krasenkow,M"]
[PlyCount "90"]
[EventDate "2015.02.24"]
[EventType "swiss"]
[EventRounds "11"]
[EventCountry "ISR"]
[SourceTitle "CBM 166"]
[Source "ChessBase"]
[SourceDate "2015.05.11"]
[SourceVersion "1"]
[SourceVersionDate "2015.05.11"]
[SourceQuality "1"]

1. d4 Nf6 2. c4 e6 3. Nf3 b6 4. a3 Bb7 5. Nc3 d5 6. cxd5 Nxd5 7. Qc2 Nxc3 8.
bxc3 c5 9. e4 Nd7 10. Bd3 {This is less energetic than} (10. Bf4 {examined in
my survey in CBM 137.}) 10... Qc7 11. Qb1 {Unfortunately, White's queen must
retreat to a modest square.} (11. Qa2 {is an alternative.}) (11. Qb3 {is
senseless due to} Rc8 {[%cal Rc5c4]}) 11... Be7 ({Another option:} 11... g6)
12. O-O (12. Be3 Rc8 13. a4 O-O 14. O-O Qb8 15. Rd1 Rfd8 16. a5 cxd4 17. cxd4
h6 $11 {Foisor O-Lau R Calimanesti 1985}) 12... O-O (12... cxd4 13. cxd4 O-O
14. Bd2 Rac8 15. a4 a6 16. Re1 Rfd8 $11 17. Bb4 $6 Bxb4 18. Qxb4 Qc3 19. Qb1 h6
20. Ra2 Qa5 21. Bf1 Rc3 $132 {1-0 (35) Kozul,Z (2601)-Kovacevic,A (2557)
Ljubljana 2012}) (12... h6 13. Re1 O-O 14. Ra2 Rfe8 15. Rae2 Bf8 16. Qa2 Rac8
17. h3 a6 $11 18. Be3 $6 cxd4 19. cxd4 Qc3 $36 {1/2 (77) Jovanic,O (2539)
-Sandhu,M (2292) Pula 2009}) 13. Be3 (13. e5 {is unsuccessful here as White's
pieces are too passive for any kingside attack:} h6 14. Be3 (14. a4 Rfd8 15.
Be3 Bd5 16. Nd2 cxd4 17. cxd4 Qb7 18. f3 Rac8 19. Qd1 Rc3 20. Ne4 Rb3 21. Qe2
Nb8 22. Rfc1 Nc6 $36 {1/2 (63) Sokolov,I (2696)-Tiviakov,S (2700) Netherlands
2005}) 14... Rfd8 15. Nd2 Rac8 16. Rd1 (16. Ne4 Nb8 17. Qd1 Nc6 18. Qg4 Nxe5
19. dxe5 Rxd3 20. Bxh6 g6 $1 $17 {0-1 (35) Naumkin,I (2433)-Czebe,A (2462)
Balatonlelle 2002}) 16... Nb8 17. Ne4 cxd4 18. cxd4 Nc6 19. Ng3 Kh8 20. Qb2 Bf8
21. h3 Na5 $36 {0-1 (29) Fedorowicz,J (2520)-Lau,R (2410) New York 1985}) (13.
Qa2 Rfd8 14. Rd1 Rac8 15. Qe2 {1-0 (83) Kazhgaleyev,M (2598)-Socko,B (2554)
Paris 2004} Nf6 $11) (13. a4 Rad8 14. a5 bxa5 15. Bf4 Qxf4 16. Qxb7 cxd4 17.
cxd4 Bb4 18. Rac1 Nf6 $132 {1/2 (57) Santos,C (2414)-Fernando,D (2438) Maia
2003}) (13. Ra2 Rfd8 14. Re2 Nf8 15. h4 Bf6 16. Re3 Kh8 17. Bb2 Rac8 18. Qe1 {
1/2 (18) Henley,R (2525)-Van der Wiel,J (2515) Amsterdam 1983}) 13... e5 $6 {
[%mdl 32] This transformation of the pawn structure is hardly appropriate.} (
13... Rfd8 $142 14. Nd2 Rac8 $11 15. e5 $6 f5 16. exf6 Nxf6 17. h3 cxd4 18.
cxd4 e5 $36 {0-1 (24) Kononenko,T (2442)-Fedorchuk,S (2571) Badalona 2005}) 14.
Rc1 (14. d5 {is more principled. In the following game Black sacrificed (or
blundered?) a pawn but didn't get enough compensation:} c4 15. Be2 f5 $6 (15...
Rac8 $142 {but after} 16. Nd2 Ba6 17. Qc2 {White keeps the initiative due to
Black's weak c4-pawn}) 16. Qb5 f4 17. Bxc4 $1 Bd6 18. Bd2 Nc5 19. Qb1 Qd8 20.
Kh1 g5 21. g4 Kh8 22. Rg1 Bc8 23. Be2 Bd7 24. c4 $14 {1-0 (46) Sakaev,K (2649)
-Lilov,V (2385) Plovdiv 2008}) 14... Kh8 15. Nd2 (15. a4 $142) 15... Rad8 16.
a4 $6 {Too late.} ({but after} 16. d5 f5 {Black has sufficient counterplay.})
16... exd4 17. cxd4 Qb8 18. d5 f5 $1 19. f3 fxe4 20. fxe4 Nf6 {[%mdl 128]
White's pieces are far away from the kingside so Black obtains an attack.} 21.
Be2 (21. Kh1 Ng4 22. Bg1 Nf2+ 23. Bxf2 Rxf2 $15 {was the lesser evil for White.
}) 21... Qe5 22. Ra3 c4 ({Black misses a tactical opportunity:} 22... Bd6 23.
g3 Nxd5 $1 24. Nf3 (24. exd5 Qxd5) (24. Nc4 Qe6 25. Nxd6 Nxe3 26. Nxb7 Qf6 $1
27. Rxe3 Qf2+ 28. Kh1 Qxe3 29. Nxd8 Qxe2 $19 {[%cal Rf8f2]}) 24... Rxf3 25.
Bxf3 c4 $1 $17) 23. Rac3 (23. Qa1 $1 {was a way for White to hold his ground.
After the text move Black "corrects" his mistake.}) 23... Bd6 $1 {[%mdl 64]}
24. Nf3 (24. g3 Nxd5 $1 25. exd5 Qxd5 26. Ne4 Qxe4 27. Qxe4 Bxe4 28. Rxc4 Bd5
$17) 24... Qxe4 25. Qxe4 Nxe4 26. Rxc4 Nf6 {Black wins a pawn without any
compensation for White.} 27. a5 $6 {This desperate attempt only worsens
White's position.} Rde8 28. Kf2 Bxd5 $19 29. axb6 (29. Rh4 Ne4+ 30. Kg1 Ng3 31.
hxg3 Rxe3 32. Kf2 Ra3 $19) 29... Bxc4 30. Rxc4 h5 $5 31. h3 Ne4+ 32. Rxe4 Rxe4
33. bxa7 Bg3+ 34. Kxg3 Rxe3 35. Bc4 Ra3 36. Bd5 Rxa7 37. h4 g6 38. Be4 Kg7 39.
Ng5 Ra3+ 40. Bf3 Re8 41. Kf4 Ra4+ 42. Be4 Re7 43. Kf3 Kf6 44. Kf4 Rexe4+ 45.
Nxe4+ Ke6 0-1